| 000 | 00000nam##2200000za#4500 |
| 001 | 9.615917 |
| 003 | CaOODSP |
| 005 | 20211126112847 |
| 007 | ta |
| 008 | 150406|2002||||xxc||||| f|0| 0 eng|d |
| 020 | |a0-662-31773-4 |
| 022 | |a1192-5434 |
| 040 | |aCaOODSP|beng |
| 043 | |an-cn--- |
| 086 | 1 |aFB3-2/102-4E |
| 110 | 2 |aBank of Canada. |
| 245 | 10|aDoes micro evidence support the Wage Phillips curve in Canada? / |cby Jean Farès. |
| 260 | |aOttawa - Ontario : |bBank of Canada |c2002. |
| 300 | |av, 27p. : |bgraphs, references, tables ; |c28 cm. |
| 490 | 1 |aWorking paper|x1192-5434|v2002-4 |
| 500 | |a"This paper examines the dynamics of the aggregate wages in Canada, and tests whether real wages and unemployment have a long-term level relationship."--Abstract. |
| 546 | |aRésumés en français |
| 563 | |aSoftcover |
| 590 | |a02-08|b2002-02-22 |
| 690 | 07|aPrices|2gcpds |
| 690 | 07|aUnemployment|2gcpds |
| 690 | 07|aSalaries|2gcpds |
| 720 | 1 |aFarès, Jean |
| 776 | 0#|tDoes micro evidence support the wage Phillips curve in Canada? / |w(CaOODSP)9.571613 |
| 830 | #0|aWorking paper,|x1192-5434|v2002-4|w(CaOODSP)9.514622 |